Statistics for Countries That Shut Down The Internet the Most

Click here to take the quiz!

General Stats

  • This quiz has been taken 44 times
  • The average score is 5 of 10

Answer Stats

# of ShutdownsCountry% Correct
4Iran
81%
8Iraq
78%
8Syria
64%
19Pakistan
61%
154India
56%
3Egypt
47%
7Turkey
42%
5Ethiopia
36%
5Democratic Republic of the Congo
22%
3Chad
14%

Score Distribution

Percentile by Number Answered

Percent of People with Each Score

Your Score History

You have not taken this quiz